The three worlds of economics

Contents: Some unsettled questions in economics; Economic organization; Socialist economies; Les developed economies...

Đã lưu trong:
Sonraí Bibleagrafaíochta
Príomhúdar: Reynold, Lloyd G.
Formáid: Leabhar
Teanga:Undetermined
Foilsithe: London Yale University Press 1971
Ábhair:
Clibeanna: Cuir Clib Leis
Gan Chlibeanna, Bí ar an gcéad duine leis an taifead seo a chlibeáil!
Thư viện lưu trữ: Trung tâm Học liệu Trường Đại học Cần Thơ
LEADER 00645nam a2200193Ia 4500
001 CTU_81790
008 210402s9999 xx 000 0 und d
082 |a 330 
082 |b R462 
100 |a Reynold, Lloyd G. 
245 4 |a The three worlds of economics 
245 0 |c Lloyd G. Reynold 
260 |a London 
260 |b Yale University Press 
260 |c 1971 
520 |a Contents: Some unsettled questions in economics; Economic organization; Socialist economies; Les developed economies... 
650 |a Kinh tế so sánh,Comparative economic 
904 |i Trọng Hải 
980 |a Trung tâm Học liệu Trường Đại học Cần Thơ